Effective Drug Regulation. (Record no. 4393)

MARC details
000 -LEADER
fixed length control field 00488nam a22001817a 4500
003 - CONTROL NUMBER IDENTIFIER
control field OSt
005 - DATE AND TIME OF LATEST TRANSACTION
control field 20160616181822.0
008 - FIXED-LENGTH DATA ELEMENTS--GENERAL INFORMATION
fixed length control field 160616b xxu||||| |||| 00| 0 eng d
020 ## - INTERNATIONAL STANDARD BOOK NUMBER
International Standard Book Number 9241562064
040 ## - CATALOGING SOURCE
Transcribing agency DNLM
082 ## - DEWEY DECIMAL CLASSIFICATION NUMBER
Classification number QV33R183e;
100 ## - MAIN ENTRY--PERSONAL NAME
Personal name World Health Organization.
9 (RLIN) 3669
245 ## - TITLE STATEMENT
Title Effective Drug Regulation.
Remainder of title A Multicountry Study.
260 ## - PUBLICATION, DISTRIBUTION, ETC. (IMPRINT)
Place of publication, distribution, etc. Austraria.
Name of publisher, distributor, etc. WHO.Library.
Date of publication, distribution, etc. 2002.
300 ## - PHYSICAL DESCRIPTION
Extent ix,47p;
Other physical details ill;
Dimensions 31cm.
650 ## - SUBJECT ADDED ENTRY--TOPICAL TERM
Topical term or geographic name as entry element Pharmacology.
9 (RLIN) 357
942 ## - ADDED ENTRY ELEMENTS (KOHA)
Source of classification or shelving scheme Other/Generic Classification Scheme
Koha item type Open Shelf
Holdings
Withdrawn status Lost status Source of classification or shelving scheme Damaged status Not for loan Home library Current library Date acquired Source of acquisition Inventory number Total Checkouts Full call number Barcode Date last seen Price effective from Koha item type
    Other/Generic Classification Scheme     MUST Main Library MUST Main Library 16/06/2016   02/17571   QV33R183e; 2016-2559 16/06/2016 16/06/2016 Open Shelf